[Event "2015 Server Team Ch - Div 1, S51999"]
[Site "CCLA"]
[Date "2015.10.30"]
[Round "?"]
[White "Sutton, Alan B."]
[Black "Vivante-Sowter, John"]
[Result "1/2-1/2"]
[WhiteElo "2283"]
[BlackElo "2301"]
[Board "1"]
[WhiteTeam "BCCA Kings"]
[BlackTeam "SchemingMind A"]

1. e4 e5 2. Nf3 Nf6 3. Nxe5 d6 4. Nf3 Nxe4 5. d4 d5 6. Bd3 Nc6 7. O-O Be7 
8. c4 Nb4 9. Be2 O-O 10. Nc3 Bf5 11. a3 Nxc3 12. bxc3 Nc6 13. cxd5 Qxd5 
14. Re1 Rfe8 15. Bf4 Rac8 16. c4 Qe4 17. Be3 Qc2 18. c5 Bf6 19. d5 Na5 20.
 Qxc2 Bxc2 21. Rac1 Be4 22. d6 cxd6 23. cxd6 Rxc1 24. Rxc1 Bc6 25. h3 Rd8 
26. Rd1 b6 27. Bf4 Nb7 28. Rd2 Re8 29. Nh2 Ba4 30. d7 Rd8 31. Bg4 h5 32. 
Bxh5 Nc5 33. Bg4 Bxd7 34. Bxd7 Rxd7 35. Ng4 Be7 36. Rxd7 Nxd7 37. Bc1 Nc5 
38. Ne5 Bd6 39. Nc4 Bf8 40. Kf1 Nd3 41. Be3 b5 42. Nd2 a6 1/2-1/2

[Event "2015 Server Team Ch - Div 1, S51999"]
[Site "CCLA"]
[Date "2015.10.30"]
[Round "?"]
[White "Zaas, Peter S."]
[Black "Farkas, Lajos"]
[Result "0-1"]
[WhiteElo "2333"]
[BlackElo "2102"]
[Board "3"]
[WhiteTeam "Paul Morphy's Hair"]
[BlackTeam "SchemingMind B"]

1. e4 e5 2. Nf3 Nf6 3. Nxe5 d6 4. Nf3 Nxe4 5. d4 d5 6. Bd3 Nc6 7. O-O Be7 
8. c4 Nb4 9. Be2 O-O 10. Nc3 Bf5 11. a3 Nxc3 12. bxc3 Nc6 13. Re1 dxc4 14.
 Bxc4 Bd6 15. Ng5 Qd7 16. Ra2 Na5 17. Be3 Nxc4 0-1

[Event "2015 REGULAR QUAD, S50049"]
[Site "CCLA"]
[Date "2015.02.20"]
[Round "?"]
[White "Martindale, Roger"]
[Black "Lyons, Brenda M."]
[Result "0-1"]
[WhiteElo "1174"]
[BlackElo "1221"]

1. e4 e5 2. Nf3 Nc6 3. a3 Bc5 4. h3 Nf6 5. b4 Bb6 6. c4 a6 7. c5 Ba7 8. 
Nc3 Nd4 9. Nxe5 Nc6 10. d4 d6 11. Nxc6 bxc6 12. Bc4 d5 13. Bd3 O-O 14. e5 
Nd7 15. f4 Qe8 16. h4 f6 17. Qc2 fxe5 18. fxe5 g6 19. Bg5 Qe6 20. Ne2 Kg7 
21. Nf4 Nxe5 22. Nxe6+ Bxe6 23. Qd2 Nxd3+ 24. Qxd3 Rae8 25. O-O-O Bf5 26. 
Qd2 Re6 27. Qf4 Bb8 28. Rde1 Rfe8 29. Rxe6 Rxe6 30. Bh6+ Kf7 31. h5 Ba7 
32. hxg6+ hxg6 33. Qxc7+ Re7 34. Re1 Rxc7 35. Bf4 Re7 36. Be5 Bb8 37. Rh1 
Bxe5 38. dxe5 Rxe5 39. Rf1 Ke7 40. Rh1 Re3 41. Rh7+ Kd8 42. Ra7 Bd3 43. 
Rxa6 Bxa6 44. a4 Rg3 45. Kc2 Rxg2+ 0-1

[Event "2015 NA Class D Ch - Rd 1 Sect 2, S50121"]
[Site "CCLA"]
[Date "2015.04.27"]
[Round "?"]
[White "Martindale, Roger"]
[Black "Benson, Katie J."]
[Result "1-0"]
[WhiteElo "1188"]
[BlackElo "1185"]

1. e4 e5 2. Nf3 Nc6 3. a3 Nf6 4. d3 d6 5. h3 h6 6. c4 Be7 7. Nc3 O-O 8. 
Bd2 Be6 9. Nd5 Nd7 10. Nxe7+ Qxe7 11. Be2 f5 12. Qc2 b6 13. g3 a5 14. Nh4 
Nd4 15. Qa4 Nxe2 16. Ng6 Qf7 17. Nxf8 Kxf8 18. Kxe2 fxe4 19. dxe4 Bxc4+ 
20. Ke1 Bb3 21. Qc6 Qe8 22. Qc3 Nc5 23. Qf3+ Qf7 24. Qf5 Qxf5 25. exf5 Bd5
26. Rh2 Be4 27. g4 Nd3+ 28. Kf1 Nxb2 29. h4 Nc4 30. Be3 Nxe3+ 31. fxe3 c5 
32. Rf2 Kf7 33. Ke2 Kf6 34. Ra2 d5 35. Rb2 Rb8 36. Rd2 b5 37. Rd1 b4 38. 
Kd2 b3 39. Kc1 a4 40. Rg1 c4 41. Kb2 Rh8 42. Kc3 Rb8 43. g5+ hxg5 44. Rxg5
b2 45. Rxb2 Rxb2 46. Kxb2 Bxf5 47. Kc3 g6 48. Rg2 Bd7 49. Rb2 Kf5 50. Rb8 
Kg4 51. Rd8 Bc6 52. Rd6 Bb7 53. Rxg6+ Kxh4 54. Rb6 Bc8 55. Kb4 Bd7 56. Kc5
Kg5 57. Kxd5 Kf5 58. e4+ Kf4 59. Rb4 Bc6+ 60. Kxc6 Kxe4 61. Rxc4+ 1-0

[Event "2015 NA Class D Ch - Rd 1 Sect 2, S50121"]
[Site "CCLA"]
[Date "2015.04.27"]
[Round "?"]
[White "Martindale, Roger"]
[Black "Lyons, Brenda M."]
[Result "1-0"]
[WhiteElo "1188"]
[BlackElo "1221"]

1. e4 e5 2. Nf3 Nc6 3. a3 Nf6 4. d3 d6 5. h3 h6 6. c4 Be7 7. Nc3 O-O 8. 
Bd2 Be6 9. Nd5 Nd4 10. Nxe7+ Qxe7 11. Nxd4 c5 12. Nxe6 Qxe6 13. b4 b6 14. 
Qf3 cxb4 15. Bxb4 a5 16. Bd2 Rac8 17. Rc1 Rc5 18. Be3 Rc6 19. Qf5 Qxf5 20.
 exf5 Rb8 21. g4 b5 22. cxb5 Rxc1+ 23. Bxc1 Rxb5 24. Kd2 Nd5 25. d4 f6 26.
 Bxb5 Nc7 27. Ba4 Kf8 28. Kd3 Na8 29. Bb3 Nb6 30. Be6 Ke7 31. Be3 Kd8 32. 
Bd2 Kc7 33. Bxa5 Kc6 34. Bxb6 Kxb6 35. Ra1 Kb5 36. a4+ Ka5 37. Bd7 Ka6 38.
 Bb5+ Kb6 39. Kc4 1-0

[Event "2015 REGULAR QUAD, S50279"]
[Site "CCLA"]
[Date "2015.07.03"]
[Round "?"]
[White "Martindale, Roger"]
[Black "Haase, F. Philip"]
[Result "0-1"]
[WhiteElo "1174"]
[BlackElo "1813"]

1. e4 e5 2. Nf3 Nc6 3. a3 Bc5 4. b4 Bb6 5. c4 d6 6. Nc3 Nf6 7. h3 Nd4 8. 
Nd5 Nxd5 9. exd5 O-O 10. a4 a5 11. b5 Re8 12. d3 e4 13. dxe4 Rxe4+ 14. Be3
Nf5 15. Ra3 Bxe3 16. Be2 Bc5 17. Nd2 Rxe2+ 18. Qxe2 Bxa3 19. O-O Bd7 20. 
Qf3 Bb4 21. Ne4 Qe7 22. g3 Re8 23. Kg2 Qxe4 24. Qxe4 Rxe4 25. Rh1 Rxc4 26.
 h4 Bc5 0-1

[Event "2015 NA Class D Ch - Rd 1 Sect 1, S50111"]
[Site "CCLA"]
[Date "2015.04.27"]
[Round "?"]
[White "Martindale, Roger"]
[Black "Selby, Robin"]
[Result "0-1"]
[WhiteElo "1188"]
[BlackElo "1190"]

1. e4 e5 2. Nf3 Nc6 3. a3 Nf6 4. d3 Bc5 5. h3 a6 6. b4 Be7 7. Nc3 O-O 8. 
Bd2 b5 9. g4 Bb7 10. Nd5 h6 11. Nxe7+ Qxe7 12. c4 bxc4 13. dxc4 Rfd8 14. 
c5 d6 15. Bc4 Nxe4 16. Nh4 Qxh4 17. Be3 Qe7 18. Qc2 Nf6 19. f3 d5 20. Ba2 
e4 21. f4 Nh7 22. Rd1 Qh4+ 23. Bf2 Qf6 24. Bg3 Rd7 25. f5 Re8 26. O-O Ng5 
27. Kg2 Nf3 28. Bf2 Ng5 29. Bxd5 e3 30. Qe2 Rde7 31. Bg3 Ba8 32. h4 Ne4 
33. Bf4 Nc3 34. g5 Qxf5 35. Qd3 e2 36. Qxf5 Nxd1 37. Re1 Nd4 38. Qd3 Nb5 
39. gxh6 Bxd5+ 40. Qxd5 Nbc3 41. Qh5 Re6 42. h7+ Kh8 43. Qxf7 Kxh7 44. h5 
Nd5 45. h6 Nxf4+ 46. Qxf4 Rg6+ 47. Kh2 Rxh6+ 48. Kg1 Rg6+ 49. Kh2 Rh6+ 50.
 Kg3 Rg6+ 51. Kh4 Rh6+ 52. Kg5 Rg6+ 53. Kh5 Rf6 54. Qxc7 Rf5+ 55. Kg4 Ne3+
56. Kh4 Kg8 57. Rxe2 Re4+ 58. Kg3 Rg4+ 0-1

[Event "2015 Server Team Champ - Div 4, S54999"]
[Site "CCLA"]
[Date "2015.10.28"]
[Round "?"]
[White "Martindale, Roger"]
[Black "Smiley, William R."]
[Result "0-1"]
[WhiteElo "1174"]
[BlackElo "1613"]
[Board "4"]
[WhiteTeam "Pennsylvania Duck Patrol"]
[BlackTeam "Norsemen"]

1. e4 e5 2. Nf3 Nc6 3. a3 Nf6 4. d3 Bc5 5. h3 h6 6. Nc3 d6 7. b4 Bb6 8. 
Be2 O-O 9. O-O a6 10. Nd5 Nxd5 11. exd5 Nd4 12. Nxd4 Bxd4 13. Rb1 b5 14. 
Bb2 Bxb2 15. Rxb2 Bb7 16. c4 c6 17. Bf3 cxd5 18. cxd5 Rc8 19. Be4 f5 20. 
Bf3 Qf6 21. Rc2 Rxc2 22. Qxc2 Rc8 23. Qb1 Qf7 24. Rc1 Re8 25. g4 fxg4 26. 
Bxg4 Qxd5 27. Rc7 Qg2# 0-1

[Event "2015  Server Team - Div 3, S53999"]
[Site "CCLA"]
[Date "2015.10.30"]
[Round "?"]
[White "Selby, Robin"]
[Black "Hardwick, Martin E."]
[Result "0-1"]
[WhiteElo "1190"]
[BlackElo "1456"]
[Board "6"]
[WhiteTeam "Canadian Snowbirds"]
[BlackTeam "BCCA Bishops"]

1. e4 e5 2. Nf3 Nc6 3. g3 Be7 4. Nc3 d6 5. Bc4 Nf6 6. O-O Bg4 7. Kg2 h5 8.
 Rh1 h4 9. h3 Bxf3+ 10. Qxf3 Nd4 11. Qd1 Ne6 12. Bxe6 fxe6 13. g4 d5 14. 
g5 Nxe4 15. Qe1 Nxg5 16. d3 d4 17. Ne4 Qd5 18. Kf1 Nxe4 19. Qxe4 Qxe4 20. 
dxe4 c5 21. b3 b6 22. Rg1 Rh7 23. a3 O-O-O 24. Rg4 Rh5 25. Rxg7 Bf6 26. 
Rf7 Bg5 27. Rxa7 Bxc1 28. Rxc1 Kb8 29. Re7 Rh6 30. a4 Rf6 31. Rd1 Rh6 32. 
Ke2 Rf8 33. Rd7 Kc8 34. Rg1 Kxd7 35. Rg7+ Kc8 36. Ra7 Kb8 37. Rg7 Rhf6 38.
 Rg2 Kc7 39. Kf1 Kc6 40. Ke2 Ra8 41. Kd3 b5 42. axb5+ Kxb5 43. c4+ Kb4 44.
 Kc2 Ra2+ 45. Kb1 Raxf2 46. Rg1 Rf1+ 47. Rxf1 Rxf1+ 48. Kc2 Rf3 49. Kd2 
Kxb3 50. Ke2 Rxh3 51. Kf2 Kxc4 52. Kg2 Re3 53. Kf2 Rxe4 54. Kf3 Re1 55. 
Kg4 d3 0-1

[Event "2015 Server Team Ch - Div 1, S51999"]
[Site "CCLA"]
[Date "2015.10.30"]
[Round "?"]
[White "Laine, Jari"]
[Black "Ruthen, Stephen W."]
[Result "1/2-1/2"]
[WhiteElo "2223"]
[BlackElo "2083"]
[Board "5"]
[WhiteTeam "Gustafson Winners"]
[BlackTeam "BCCA Kings"]

1. e4 e5 2. Nf3 Nc6 3. c3 d5 4. Qa4 Bd7 5. exd5 Nd4 6. Qd1 Nxf3+ 7. Qxf3 
Bd6 8. Bc4 f5 9. d3 Nf6 10. Bg5 O-O 11. Nd2 Qe8 12. Bxf6 Rxf6 13. g3 Kh8 
14. Qe2 b5 15. Bb3 a5 16. a3 Qg6 17. f3 Qh6 18. O-O-O Rb8 19. Rde1 b4 20. 
axb4 axb4 21. c4 Rff8 22. Kc2 Rbe8 23. Ra1 Ra8 24. Rhe1 c5 25. Qg2 Qg6 26.
 Qg1 Qf7 27. Rxa8 Rxa8 28. Ra1 Qe8 29. Rxa8 Qxa8 30. g4 g6 31. gxf5 gxf5 
32. Kb1 Qg8 33. Qf2 Qe8 34. Bc2 Qe7 35. Nb3 Ba4 36. Na5 Be8 37. Qd2 Qg7 
38. Qe3 Bg6 39. Qg5 Be7 40. Qe3 Bd6 41. Qg5 1/2-1/2

[Event "Pemier Quad, S50139"]
[Site "CCLA"]
[Date "2015.04.03"]
[Round "?"]
[White "Vecchio, Ralph"]
[Black "Fisher Jr., Arthur"]
[Result "1-0"]
[WhiteElo "1849"]
[BlackElo "1698"]

1. e4 e5 2. Nf3 Nc6 3. c3 d5 4. Qa4 Bd7 5. exd5 Nd4 6. Qd1 Nxf3+ 7. Qxf3 
Nf6 8. c4 Be7 9. Bd3 O-O 10. Nc3 c6 11. O-O Re8 12. b3 Bd6 13. h3 Rc8 14. 
Bb2 cxd5 15. cxd5 Rxc3 16. Bxc3 e4 17. Bxf6 exf3 18. Bxd8 Rxd8 19. g4 h5 
20. Bf5 Bxf5 21. gxf5 Be5 22. Rad1 Rxd5 23. Rfe1 Bf6 24. d4 Rxf5 25. d5 
Rg5+ 26. Kh1 Rg2 27. d6 Rxf2 28. d7 Rxa2 29. d8=Q+ Bxd8 30. Re8+ Kh7 31. 
Rexd8 Rg2 32. R8d2 Rg3 33. Kh2 Rg6 34. Rf1 Rb6 35. Rxf3 a6 36. Rd7 f5 37. 
Rf7 Rb5 38. Rg3 Kh6 39. Rfxg7 Rb6 40. Rg8 Kh7 41. h4 a5 42. R8g5 Kh6 43. 
Rxf5 Rb4 44. Kh3 b5 45. Rf8 Kh7 46. Rc8 a4 47. Rc5 Kh6 48. Rc6+ Kh7 49. 
Rc5 Kh6 50. Rcg5 axb3 51. Rg6+ Kh7 52. Rg7+ Kh8 53. R7g5 Rg4 54. Rxh5+ 1-0

[Event "2015 NA Class A Ch Finals, S50179"]
[Site "CCLA"]
[Date "2015.04.27"]
[Round "?"]
[White "Smail, John"]
[Black "Vecchio, Ralph"]
[Result "0-1"]
[WhiteElo "1720"]
[BlackElo "1849"]

1. e4 e5 2. Nf3 Nc6 3. c3 Nf6 4. d4 Nxe4 5. d5 Ne7 6. Nxe5 Ng6 7. Qd4 Nxe5
8. Qxe4 Qe7 9. Be3 d6 10. Nd2 f5 11. Qc2 Bd7 12. O-O-O g5 13. f3 f4 14. 
Bf2 b5 15. Kb1 Bg7 16. Nb3 O-O 17. Nd4 a6 18. Ka1 Qf7 19. g4 Qxd5 20. h4 
Be6 21. Nxe6 Qxe6 22. hxg5 Qg6 23. Qxg6 hxg6 24. Bd4 Nxf3 25. Bxg7 Kxg7 
26. Bg2 Nxg5 27. Bxa8 Rxa8 28. Rhf1 f3 29. Kb1 Re8 30. Kc2 Re4 31. Rd4 
Re2+ 32. Kc1 f2 33. Kd1 Rxb2 34. Rd2 Rxd2+ 35. Kxd2 Ne4+ 36. Kd3 d5 37. 
Kd4 c6 38. Ke3 Kf6 0-1

[Event "2015  Server Team - Div 3, S53999"]
[Site "CCLA"]
[Date "2015.10.30"]
[Round "?"]
[White "Woodhouse, Stephen"]
[Black "Gunning, Edward E."]
[Result "1-0"]
[WhiteElo "1683"]
[BlackElo "1439"]
[Board "4"]
[WhiteTeam "BCCA Bishops"]
[BlackTeam "Knights of the Square Table"]

1. e4 e5 2. Nf3 Nc6 3. d4 Bb4+ 4. c3 Ba5 5. d5 Nce7 6. Nxe5 d6 7. Bb5+ c6 
8. dxc6 bxc6 9. Nxc6 Qb6 10. Nxe7+ Qxb5 11. Nxc8 Rxc8 12. Qg4 Rc4 13. Nd2 
Rxc3 14. bxc3 Bxc3 15. Qc8+ 1-0

[Event "Winter Series, S50041"]
[Site "CCLA"]
[Date "2015.01.28"]
[Round "?"]
[White "Graupera, Carlos"]
[Black "Rasmussen, Bruce A."]
[Result "1-0"]
[WhiteElo "1514"]
[BlackElo "1373"]

1. e4 e5 2. Nf3 Nc6 3. d4 Bd6 4. Bc4 Qf6 5. c3 Nge7 6. O-O Qg6 7. Re1 Qh5 
8. d5 Na5 9. Be2 c6 10. b4 cxd5 11. exd5 e4 12. Nbd2 exf3 13. Nxf3 g5 14. 
Bxg5 O-O 15. Bxe7 Bxe7 16. bxa5 Bf6 17. Qb3 b6 18. axb6 axb6 19. Rac1 Bb7 
20. c4 b5 21. Nd4 Qe5 22. Nxb5 d6 23. Bd3 Qh5 24. Nxd6 Ba6 25. Ne4 Be5 26.
 Ng3 Qh6 27. Qd1 Qf4 28. Qh5 Bd4 29. Qxh7# 1-0

[Event "2015 REGULAR QUAD, S50279"]
[Site "CCLA"]
[Date "2015.07.03"]
[Round "?"]
[White "Mann, Wallace"]
[Black "Rasmussen, Bruce A."]
[Result "1-0"]
[WhiteElo "1532"]
[BlackElo "1373"]

1. e4 e5 2. Nf3 Nc6 3. d4 Bd6 4. d5 Na5 5. Bd2 c6 6. c4 b5 7. b3 Ba6 8. 
Bc3 Nf6 9. Nbd2 Qb6 10. Nxe5 b4 11. Bb2 O-O 12. Ng4 Qd8 13. Bd3 Qe7 14. 
O-O Bc5 15. Nxf6+ gxf6 16. Qg4+ Kh8 17. Qf5 Kg7 18. e5 fxe5 19. Bxe5+ f6 
20. Qxh7# 1-0

[Event "2015 Regular Quad, S50019"]
[Site "CCLA"]
[Date "2015.01.16"]
[Round "?"]
[White "Graupera, Carlos"]
[Black "Rasmussen, Bruce A."]
[Result "1-0"]
[WhiteElo "1466"]
[BlackElo "1373"]

1. e4 e5 2. Nf3 d6 3. d4 Nc6 4. dxe5 Qe7 5. Bc4 dxe5 6. O-O Nf6 7. Re1 Qc5
8. Qe2 g6 9. Be3 Nd4 10. Nxd4 exd4 11. Bf4 Bg4 12. Qd3 Bg7 13. Nd2 O-O 14.
 Nb3 Qh5 15. Nxd4 Rad8 16. Qe3 c5 17. Ne2 Nd7 18. Ng3 Qh4 19. Bg5 Bd4 20. 
Bxh4 Bxe3 21. Rxe3 Ne5 22. Be2 Rd2 23. Bxg4 Nxg4 24. Re2 Rd4 25. f3 Ne5 
26. Bf6 Re8 27. f4 Red8 28. Bxe5 Rd1+ 29. Rxd1 Rxd1+ 30. Kf2 b5 31. Bf6 a5
32. e5 b4 33. Ke3 Ra1 34. Rd2 h5 35. Rd8+ 1-0

[Event "2015 Server Team Champ - Div 4, S54999"]
[Site "CCLA"]
[Date "2015.10.28"]
[Round "?"]
[White "Aravind, Vasudeva R."]
[Black "Lyons, Brenda M."]
[Result "1-0"]
[WhiteElo "1195"]
[BlackElo "1221"]
[Board "5"]
[WhiteTeam "Pennsylvania Pawn Pushers"]
[BlackTeam "Pennsylvania Duck Patrol"]

1. e4 e5 2. Nf3 Nc6 3. d4 d6 4. dxe5 dxe5 5. Qxd8+ Nxd8 6. Nxe5 b6 7. Bc4 
Be6 8. Bxe6 Nxe6 9. Be3 Nf6 10. Nc3 Bb4 11. Bd2 Nd4 12. O-O-O O-O 13. f3 
Bxc3 14. Bxc3 Ne6 15. Nd7 Nxd7 16. Rxd7 c5 17. g3 Rfd8 18. Rhd1 Rxd7 19. 
Rxd7 a5 20. Kd2 Rd8 21. Rxd8+ Nxd8 22. Kd3 f6 23. Kc4 Nb7 24. Kd5 Nd8 25. 
a3 Kf7 26. f4 Ke7 27. e5 1-0

[Event "2015 NA Class A Ch Finals, S50179"]
[Site "CCLA"]
[Date "2015.04.27"]
[Round "?"]
[White "Anderson, Clarence"]
[Black "Vecchio, Ralph"]
[Result "0-1"]
[WhiteElo "1717"]
[BlackElo "1849"]

1. e4 e5 2. Nf3 Nc6 3. d4 exd4 4. c3 d5 5. exd5 Qxd5 6. cxd4 Nf6 7. Nc3 
Bb4 8. Be2 Ne4 9. Bd2 Bxc3 10. bxc3 O-O 11. O-O Bg4 12. Be1 Rfe8 13. Qd3 
Rad8 14. Bd1 Na5 15. Nh4 Bxd1 16. Qxd1 Nc4 17. Qf3 Ng5 18. Qxd5 Rxd5 19. 
f4 Ne3 20. fxg5 Nxf1 21. Kxf1 Rb5 22. Nf3 Rb2 23. Bd2 b6 24. a4 a5 25. Re1
Rxe1+ 26. Bxe1 b5 27. Nd2 bxa4 28. Nc4 Rb1 29. Ke2 Rb3 30. Nxa5 Rb2+ 31. 
Kd1 a3 32. Kc1 Rb5 33. c4 a2 34. Bc3 Rxa5 0-1

[Event "2015 NA Class A Ch Finals, S50179"]
[Site "CCLA"]
[Date "2015.04.27"]
[Round "?"]
[White "Shannon, Paul D."]
[Black "Vecchio, Ralph"]
[Result "1-0"]
[WhiteElo "1815"]
[BlackElo "1849"]

1. e4 e5 2. Nf3 Nc6 3. d4 exd4 4. c3 d5 5. exd5 Qxd5 6. cxd4 Bb4+ 7. Nc3 
Nf6 8. Be2 Ne4 9. Bd2 Nxc3 10. bxc3 Bd6 11. c4 Qf5 12. O-O O-O 13. Be3 h6 
14. c5 Be7 15. Bd3 Qd5 16. Qd2 Bf5 17. Bxf5 Qxf5 18. Rfe1 Rad8 19. Qb2 b6 
20. Rac1 Rb8 21. cxb6 Rxb6 22. Qc2 Qxc2 23. Rxc2 Bf6 24. d5 Nb4 25. Rxc7 
Ra6 26. Rxa7 Rxa7 27. Bxa7 Nxd5 28. Bd4 Bxd4 29. Nxd4 Ra8 30. Ra1 Nc3 31. 
a3 Ra4 32. Nc2 Rc4 33. Kf1 Ra4 34. f3 Rc4 35. Ke1 Ra4 36. Kd2 Nb5 37. Kc1 
g5 38. Kb2 Nd4 39. Nxd4 Rxd4 40. a4 Rd2+ 41. Kc3 Rd8 42. a5 Rc8+ 43. Kd4 
g4 44. fxg4 Kf8 45. a6 1-0

[Event "2015 REGULAR QUAD, S50279"]
[Site "CCLA"]
[Date "2015.07.03"]
[Round "?"]
[White "Mann, Wallace"]
[Black "Haase, F. Philip"]
[Result "0-1"]
[WhiteElo "1532"]
[BlackElo "1813"]

1. e4 e5 2. Nf3 Nc6 3. d4 exd4 4. c3 dxc3 5. Nxc3 d6 6. Bc4 Nf6 7. Qb3 Qd7
8. Ng5 Ne5 9. Bb5 c6 10. f4 Neg4 11. Bc4 d5 12. Be2 h6 13. Nh3 dxe4 14. 
Bc4 Bc5 15. Bd2 e3 16. O-O-O exd2+ 17. Rxd2 Be3 0-1

[Event "2015 REGULAR QUAD, S50219"]
[Site "CCLA"]
[Date "2015.05.11"]
[Round "?"]
[White "Klimushyn, Charles"]
[Black "Selby, Robin"]
[Result "0-1"]
[WhiteElo "1156"]
[BlackElo "1190"]

1. e4 e5 2. Nf3 Nc6 3. d4 exd4 4. Bc4 h6 5. Nxd4 Be7 6. Nc3 Nf6 7. Nxc6 
dxc6 8. O-O Qxd1 9. Rxd1 O-O 10. Bf4 b5 11. Bb3 Bd8 12. Rd2 a5 13. a4 b4 
14. Ne2 Nxe4 15. Rd4 Nf6 16. Rad1 Ba6 17. Ng3 Be7 18. Bxc7 Bb7 19. Nf5 Bc5
20. Rd8 Raxd8 21. Bxd8 Ne4 22. Bh4 Re8 23. Ne3 Nd6 0-1

[Event "2015  Server Team - Div 3, S53999"]
[Site "CCLA"]
[Date "2015.10.30"]
[Round "?"]
[White "Woodhouse, Stephen"]
[Black "Shannon, Paul D."]
[Result "0-1"]
[WhiteElo "1683"]
[BlackElo "1865"]
[Board "4"]
[WhiteTeam "BCCA Bishops"]
[BlackTeam "Canadian Snowbirds"]

1. e4 e5 2. Nf3 Nc6 3. d4 exd4 4. Nxd4 Nge7 5. Nc3 Nxd4 6. Qxd4 Nc6 7. Qe3
Bb4 8. Bd2 O-O 9. O-O-O d6 10. Qg3 Be6 11. f4 f5 12. Bd3 fxe4 13. Bxe4 Qd7
14. Rhe1 Rae8 15. Bd5 Bxd5 16. Nxd5 Bxd2+ 17. Rxd2 Nd8 18. Rxe8 Qxe8 19. 
Nxc7 Qc6 20. Nd5 Kh8 21. b3 Ne6 22. Kb2 Nc5 23. Nc3 b5 24. b4 Nb7 25. Qe3 
a5 26. bxa5 Nxa5 27. Kc1 Nc4 28. Qe7 Re8 29. Qg5 Nxd2 30. Kxd2 b4 31. Ne2 
Qc4 32. Qh5 g6 33. Qf3 Qxa2 34. Qb3 Qa6 35. Nd4 Qb7 36. Nf3 Qe4 37. Qf7 
Qe2+ 38. Kc1 Qe7 39. Qc4 Qe4 40. Qf7 Rc8 41. Qf6+ Kg8 42. Nd4 b3 0-1

[Event "2015 NA Class D Ch - Rd 1 Sect 1, S50111"]
[Site "CCLA"]
[Date "2015.04.27"]
[Round "?"]
[White "Acebo, Brian"]
[Black "Selby, Robin"]
[Result "1-0"]
[WhiteElo "1377"]
[BlackElo "1190"]

1. e4 e5 2. Nf3 Nc6 3. d4 exd4 4. Nxd4 Nxd4 5. Qxd4 c5 6. Qd5 Nf6 7. Qc4 
Be7 8. Be2 O-O 9. O-O d6 10. Nd2 Be6 11. Qc3 h6 12. b3 Nh7 13. Qg3 Bh4 14.
 Qd3 Bf6 15. Rb1 Qe7 16. Nf3 Rad8 17. c3 Qc7 18. Bb2 a6 19. h3 g6 20. c4 
Bxb2 21. Rxb2 Nf6 22. Qe3 Kg7 23. Rd1 Rd7 24. a3 Rfd8 25. Rbd2 g5 26. e5 
dxe5 27. Rxd7 Rxd7 28. Nxe5 Rxd1+ 29. Bxd1 Qd6 30. Bc2 Nh7 31. Qe4 Bc8 32.
 Qxh7+ Kf8 33. Qxf7# 1-0

[Event "Summer Series, S50301"]
[Site "CCLA"]
[Date "2015.07.25"]
[Round "?"]
[White "Anderson, Clarence"]
[Black "Avery, Bryce"]
[Result "1/2-1/2"]
[WhiteElo "1717"]
[BlackElo "1657"]

1. e4 e5 2. Nf3 Nc6 3. d4 exd4 4. Nxd4 Nf6 5. Nxc6 bxc6 6. e5 Qe7 7. Qe2 
Nd5 8. c4 Ba6 9. Nd2 Nb4 10. Nf3 d5 11. a3 Bxc4 12. Qd1 Bxf1 13. Kxf1 Na6 
14. Qa4 Nb8 15. Bg5 Qc5 16. Rc1 Qb6 17. b4 Be7 18. Be3 Qb7 19. Nd4 O-O 20.
 Nxc6 Nxc6 21. Qxc6 Qxc6 22. Rxc6 Rfc8 23. Ke2 a5 24. Rhc1 axb4 25. axb4 
Bxb4 26. Rxc7 Ra2+ 27. Kd3 Rxc7 28. Rxc7 h5 29. Rc8+ Kh7 30. Rc6 Be1 31. 
Rc2 Rxc2 32. Kxc2 Kg6 33. Kd3 Kf5 34. Kd4 Ke6 1/2-1/2

[Event "2015 Server Team Ch - Div 2"]
[Site "CCLA"]
[Date "2015.10.30"]
[Round "?"]
[White "Crevani, Mirta"]
[Black "Avery, Bryce"]
[Result "1-0"]
[WhiteElo "1929"]
[BlackElo "1751"]
[Board "3"]
[WhiteTeam "SchemingMind C"]
[BlackTeam "Big Red Fuzzy"]

1. e4 e5 2. Nf3 Nc6 3. d4 exd4 4. Nxd4 Nf6 5. Nxc6 bxc6 6. e5 Qe7 7. Qe2 
Nd5 8. c4 Ba6 9. Nd2 Nb4 10. Nf3 c5 11. a3 Nc6 12. Bd2 Qe6 13. Qe4 Be7 14.
 Bd3 Bb7 15. O-O O-O-O 16. Qe3 d6 17. Be4 dxe5 18. b4 Qxc4 19. Rfc1 Qe6 
20. bxc5 f5 21. Bxc6 Bxc6 22. Bc3 Bxf3 23. Qxf3 c6 24. Qe2 Qd7 25. Qa6+ 
Qb7 26. Qa4 Rd5 27. Rab1 Qd7 28. Qa6+ 1-0

[Event "Summer Series, S50311"]
[Site "CCLA"]
[Date "2015.07.25"]
[Round "?"]
[White "Disque, Philip"]
[Black "Greco, Tom"]
[Result "1/2-1/2"]
[WhiteElo "1614"]
[BlackElo "1641"]

1. e4 e5 2. Nf3 Nc6 3. d4 exd4 4. Nxd4 Nf6 5. Nxc6 bxc6 6. e5 Qe7 7. Qe2 
Nd5 8. c4 Ba6 9. b3 g5 10. g3 Bg7 11. Bb2 O-O-O 12. Nd2 Nb4 13. Nf3 Rhe8 
14. a3 Nd5 15. Qd2 Nf6 16. Qa5 Kb7 17. Bd3 d6 18. Qb4+ Ka8 19. O-O-O Ng4 
20. Bd4 Bxe5 21. Nxe5 Nxe5 22. Be4 Bb7 23. Rhe1 f6 24. Qa5 a6 25. Bf5 Qf7 
26. Qc3 Rf8 27. c5 h6 28. f4 Nd7 29. b4 gxf4 30. gxf4 Qh5 31. Qh3 Qxh3 32.
 Bxh3 d5 33. Re7 Bc8 34. Bxd7 Bxd7 35. Rde1 h5 36. Rg7 Kb8 37. Ree7 Kc8 
38. Kd2 f5 39. Be5 Rfe8 40. Rxe8 Rxe8 41. Rg5 Kb7 42. h4 Kc8 43. Rxh5 Rg8 
44. Rg5 Rxg5 45. hxg5 Be8 46. Kc3 Kb7 47. Kb3 Bf7 48. Bd4 Be8 49. Ka4 Ka7 
50. Be5 Kb7 51. Kb3 Kc8 52. Kc3 Kd7 53. Kd3 Bg6 54. Kd4 1/2-1/2

[Event "2015 NA Server Ch (CCLA Rules), S50169"]
[Site "CCLA"]
[Date "2015.04.27"]
[Round "?"]
[White "Belanoff, Stuart"]
[Black "Young III, William C."]
[Result "1-0"]
[WhiteElo "2264"]
[BlackElo "2075"]

1. e4 e5 2. Nf3 Nc6 3. d4 exd4 4. Nxd4 Bc5 5. Nxc6 Qf6 6. Qd2 dxc6 7. Nc3 
Be6 8. Na4 Rd8 9. Bd3 Bd4 10. c3 Be5 11. f4 Bxf4 12. Qxf4 Qxf4 13. Bxf4 
Rxd3 14. Nc5 Rd8 15. Bxc7 Rc8 16. Be5 Nf6 17. Bxf6 gxf6 18. Nxb7 Rb8 19. 
Nd6+ Ke7 20. O-O-O Rhd8 21. Nf5+ Bxf5 22. exf5 Rxd1+ 23. Rxd1 h5 24. Rd4 
Rb5 25. Rf4 Kd6 26. b4 a6 27. Kd2 Re5 28. g3 c5 29. a4 cxb4 30. cxb4 Kd5 
31. Kd3 Kc6 32. Kc4 Re1 33. Rh4 1-0

[Event "Premier Quad, S50079"]
[Site "CCLA"]
[Date "2015.03.04"]
[Round "?"]
[White "Clancey, James"]
[Black "Maier, Bill"]
[Result "1-0"]
[WhiteElo "2019"]
[BlackElo "1972"]

1. e4 e5 2. Nf3 Nc6 3. d4 exd4 4. Nxd4 Bc5 5. Be3 Qf6 6. c3 Nge7 7. g3 d5 
8. Bg2 Bxd4 9. cxd4 dxe4 10. Nc3 Bf5 11. d5 Ne5 12. O-O O-O 13. Nxe4 Qg6 
14. Nc5 Nc4 15. Bf4 Nd6 16. Re1 Rfe8 17. Rc1 Rac8 18. Qb3 b6 19. Na6 c5 
20. Qa4 Kf8 21. b4 cxb4 22. Nc7 Red8 23. Qxa7 Rb8 24. Rxe7 1-0

[Event "2015 Server Team Ch - Div 2"]
[Site "CCLA"]
[Date "2015.10.30"]
[Round "?"]
[White "Crevani, Mirta"]
[Black "Lewis, James W."]
[Result "1/2-1/2"]
[WhiteElo "1929"]
[BlackElo "2114"]
[Board "3"]
[WhiteTeam "SchemingMind C"]
[BlackTeam "Chairmen of the Board"]

1. e4 e5 2. Nf3 Nc6 3. d4 exd4 4. Nxd4 Bc5 5. Be3 Qf6 6. c3 Nge7 7. Bc4 
Ne5 8. Be2 Qg6 9. O-O d6 10. f3 O-O 11. Kh1 d5 12. f4 Ng4 13. Bg1 Bxd4 14.
 f5 Qh6 15. Qxd4 Nf6 16. Nd2 Nc6 17. Qd3 Ne5 18. Qc2 Bd7 19. exd5 c6 20. 
d6 b5 21. c4 Rfe8 22. c5 Neg4 23. Bxg4 Nxg4 24. Rae1 Rxe1 25. Rxe1 Qf6 26.
 Rf1 Nh6 27. Ne4 Qh4 28. f6 Bf5 29. Rxf5 Nxf5 30. fxg7 Re8 31. d7 Re6 32. 
g4 Rxe4 33. d8=Q+ Qxd8 34. Qxe4 Nh4 35. Bd4 Nf3 36. Qxf3 Qxd4 37. Qxc6 
Qd1+ 38. Kg2 Qxg4+ 39. Kf2 Qh4+ 40. Kg2 Qg5+ 41. Kf2 Qd2+ 42. Kg3 Qxb2 43.
 Qe8+ Kxg7 44. c6 Qc3+ 45. Kg2 1/2-1/2

[Event "2015 Server Team Ch - Div 2"]
[Site "CCLA"]
[Date "2015.10.30"]
[Round "?"]
[White "Hamer, John"]
[Black "Marconi, Ralph P."]
[Result "0-1"]
[WhiteElo "1910"]
[BlackElo "1964"]
[Board "4"]
[WhiteTeam "SchemingMind C"]
[BlackTeam "Chairmen of the Board"]

1. e4 e5 2. Nf3 Nf6 3. Nc3 Nc6 4. a3 d5 5. Bb5 d4 6. Nb1 Bd6 7. O-O O-O 8.
 Bxc6 bxc6 9. d3 Rb8 10. Nbd2 Ba6 11. Re1 Nd7 12. Nc4 Bxc4 13. dxc4 Qe7 
14. Qd3 a5 15. Ra2 a4 16. Qe2 h6 17. Bd2 Rb7 18. Rb1 Rfb8 19. Ba5 Qe6 20. 
Qd3 Nc5 21. Qe2 Qg6 22. Nd2 Ne6 23. b3 Nf4 24. Qf3 c5 25. g3 axb3 0-1